000 00796nam a2200229Ia 4500
003 OSt
005 20220923224133.0
006 a|||||r|||| 00| 0
007 ta
008 220922b |||||||| |||| 00| 0 hin d
024 _a226,270
037 _cTextual
040 _aARTS
_cARTS
_bhin
041 _2hin
_ahin
082 _aW3v1, 152P2.1-.2
100 _aब्लाक, मार्क; मिश्र, कृष्णकान्त, अनु.
245 0 _aसामंती समाज
246 _aSāhintī samāja
260 _aदिल्ली
_b ग्रंथ शिल्पी
_c2002
942 _hW3v1, 152P2.1-.2
_cTEXL
_2CC
999 _c369452
_d369452